Desafíos y oportunidades de buscar nuevos rumbos

Kaydedildi:
Detaylı Bibliyografya
Materyal Türü: Metin
Konular:
Etiketler: Etiketle
Etiket eklenmemiş, İlk siz ekleyin!

MARC

LEADER 00000 a a2200000 04500
001 10283
003
040
245 |a Desafíos y oportunidades de buscar nuevos rumbos  
650 |a MIGRACION  
650 |a CULTURA  
650 |a GLOBALIZACION  
650 |a ECONOMIA  
650 |a POLITICA  
773 |g número 53 especial; páginas 8-9  
999 |c 24219  |d 24219